| 000 | 00372nam a22001337a 4500 | ||
|---|---|---|---|
| 003 | SGT | ||
| 082 |
_a617.525 _bI14M |
||
| 100 | _aSHEENA, MARIYA | ||
| 245 | _aIMMEDIATE PLACEMENT OF IMPLANT IN FRESH EXTRACTION SOCKET: A PROSPECTIVE CLINICAL STUDY | ||
| 260 |
_aDELHI NCR _bSGT UNIVERSITY GURUGRAM _c2014 |
||
| 300 | _a1-75 | ||
| 650 | _aORAL SURGERY | ||
| 942 |
_2ddc _cTH |
||
| 999 |
_c16181 _d16181 |
||